00561nam a22001817a 4500003000200000005001700002008004100019020002200060050002300082100002700105245004900132260007200181300002900253500001700282504004200299650001700341650002100358020230830125008.0230830b xxu||||| |||| 00| 0 eng d a978-621-427-102-3 aBF 199 b.L86 2022 aLuna, Alden Reyben B.  aUnderstanding the selfcAlden Reuben B. Luna aManilabUnlimited Books Library Services & Publishing Inc. cc2022. ax, 130 pages ;c26 cm.  aPsychology.  aIncludes bibliographical references.  aPsychology.  aHuman behavior.